| 000 | 00864cam a2200277 4500 | ||
|---|---|---|---|
| 001 | 1195014 | ||
| 003 | ARRUPE | ||
| 005 | 20161013120039.0 | ||
| 008 | 750523s1944 xx 000 0 eng u | ||
| 010 | _a 44006089 | ||
| 035 | _a(OCoLC)36612036 | ||
| 035 | _a(OCoLC)ocm36612036 | ||
| 035 | _a(NNC)1195014 | ||
| 040 |
_cITD _dm.c. _dZCU |
||
| 050 | 0 |
_aE806 _b.K6 1944a |
|
| 082 | _a973.917 | ||
| 100 | 1 |
_aKoenig, Louis William, _d1916- _926723 |
|
| 245 | 1 | 4 |
_aThe presidency and the crisis; _cby Louis William Koenig and Peter Scofield |
| 260 |
_aLondon, _bArms and Armour Press, _c1944. |
||
| 300 |
_a224 p. ; _c31 cm. |
||
| 502 | _aThesis (PH.D.)--Columbia university, 1944. | ||
| 504 | _aBibliographical references included in "Notes" (p. [153]-166) | ||
| 650 | 0 |
_aSoviet union _xMilitary policy _926724 |
|
| 942 |
_2lcc _cMONOGRAPH |
||
| 999 |
_c125502 _d125502 |
||